000 00622nam a2200217 a 4500
001 16907
003 CO-ViMGA
008 141112s2004 ck r 000 u spa d
020 _a8471121565
040 _aCO-ViMGA
_bspa
_cCO-ViMGA
082 0 4 _a153.4 I543
100 1 _aInhelder, Bõrbel
_923938
245 1 0 _aAprendizaje y estructuras del conocimiento
250 _a2
260 _aMadríd (España),
_cMorata,
_c1996
300 _a351.p.
590 _aForma de adquisición : Premio - Mincultura
650 1 4 _aPSICOLOGIA - INFANTIL
_91631
650 1 4 _aTEORIA DEL CONOCIMIENTO (PSICOLOGIA)
_923939
942 _2ddc
_cBK
999 _c26541
_d26541